000
00261nam a22001097a 4500
082
_a
669.142 PHY'E
100
_a
ELLIOTT, JOHN F
_9
79756
245
_a
THE PHYSICAL CHEMISTRY OF STEELMAKING
260
_a
MASSACHUSETTS
_b
MIT
_c
1958
300
_a
257P
942
_c
BK
999
_c
584757
_d
584757